100 facts : (Record no. 3805)

MARC details
000 -LEADER
fixed length control field 01195cam a22003257a 4500
001 - CONTROL NUMBER
control field 3805
003 - CONTROL NUMBER IDENTIFIER
control field FISKH
005 - DATE AND TIME OF LATEST TRANSACTION
control field 20240529110445.0
008 - FIXED-LENGTH DATA ELEMENTS--GENERAL INFORMATION
fixed length control field 031230r20032001paua 001 0 eng d
010 ## - LIBRARY OF CONGRESS CONTROL NUMBER
LC control number 2003284241
020 ## - INTERNATIONAL STANDARD BOOK NUMBER
International Standard Book Number 9781842368817
040 ## - CATALOGING SOURCE
Original cataloging agency OCO
Transcribing agency OCO
Modifying agency DLC
Language of cataloging eng
042 ## - AUTHENTICATION CODE
Authentication code lccopycat
050 00 - LIBRARY OF CONGRESS CALL NUMBER
Classification number QL644.2
Item number .K39 2003
082 00 - DEWEY DECIMAL CLASSIFICATION NUMBER
Classification number 597.9
Edition number 22
100 1# - MAIN ENTRY--PERSONAL NAME
Personal name Kay, Ann.
245 10 - TITLE STATEMENT
Title 100 facts :
Statement of responsibility, etc. Ann Kay ; consultant, Steve Parker.
Remainder of title Reptiles & amphibians /
260 ## - PUBLICATION, DISTRIBUTION, ETC.
Place of publication, distribution, etc. Silver Dolphin Books :
Name of publisher, distributor, etc. San Diego;
Date of publication, distribution, etc. 2001
300 ## - PHYSICAL DESCRIPTION
Extent 48 pages :
Other physical details color illustrations ;
Dimensions 30 cm
490 ## - SERIES STATEMENT
Series statement 100 facts
500 ## - GENERAL NOTE
General note Includes index.
500 ## - GENERAL NOTE
General note Originally published: Great Bardfield : Miles Kelly Publishing, c2001.
520 ## - SUMMARY, ETC.
Summary, etc. Including puzzles, quizzes, and projects, text and artwork reveal toads, frogs, lizards, tortoises, turtles, crocodiles, and snakes and their adaptations to their surroundings.
650 #0 - SUBJECT ADDED ENTRY--TOPICAL TERM
Topical term or geographic name entry element Reptiles
Form subdivision Miscellanea
-- Juvenile literature.
650 #0 - SUBJECT ADDED ENTRY--TOPICAL TERM
Topical term or geographic name entry element Amphibians
Form subdivision Miscellanea
-- Juvenile literature.
700 ## - ADDED ENTRY--PERSONAL NAME
Personal name Parker, Steve
Relator term Consultor
906 ## - LOCAL DATA ELEMENT F, LDF (RLIN)
a 7
b cbc
c copycat
d 2
e ncip
f 20
g y-gencatlg
942 ## - ADDED ENTRY ELEMENTS (KOHA)
Source of classification or shelving scheme Dewey Decimal Classification
Koha item type Books
Suppress in OPAC No
Holdings
Withdrawn status Lost status Source of classification or shelving scheme Damaged status Not for loan Collection Home library Current library Shelving location Date acquired Total Checkouts Full call number Barcode Date last seen Copy number Price effective from Koha item type
    Dewey Decimal Classification     Non-Fiction Footprints International School Library Network Toul Kork Campus Footprints International School Library Network Toul Kork Campus A TK Campus, 4th Floor, Room B401, Non-Fiction Bookcases(7-8) 05/09/2024   KAY 597.9 QL644.2 2024-0596 05/09/2024 1 05/09/2024 Books
    Dewey Decimal Classification     Non-Fiction Footprints International School Library Network Toul Kork Campus Footprints International School Library Network Toul Kork Campus A TK Campus, 4th Floor, Room B401, Non-Fiction Bookcases(7-8) 05/09/2024   KAY 597.9 QL644.2 2024-0618 05/16/2024 2 05/09/2024 Books
    Dewey Decimal Classification     Non-Fiction Footprints International School Library Network Toul Kork Campus Footprints International School Library Network Toul Kork Campus A TK Campus, 4th Floor, Room B401, Non-Fiction Bookcases(7-8) 04/22/2025   KAY 597.9 QL644.2 2025-1083 04/22/2025 3 04/22/2025 Books